| 000 | 00403nam a2200145Ia 4500 | ||
|---|---|---|---|
| 008 | 231217s9999 xx 000 0 und d | ||
| 041 | _aEnglish | ||
| 082 | _a001.6424 KIT;17 | ||
| 100 | _aKit, Edward | ||
| 245 | 0 | _aSoftware testing in the real world : improving the process | |
| 260 |
_c1995 _bPearson Education _aNew Delhi |
||
| 300 | _axiv+252 | ||
| 650 | _aSoftware,testing,world | ||
| 942 | _cAA | ||
| 999 |
_c176480 _d176480 |
||